|
|
|
|
| LEADER |
00000cas a2200000 a 4500 |
| 001 |
vtls001466288 |
| 003 |
SK-MaSNL |
| 005 |
20260228160729.0 |
| 008 |
040115d19972015xo mr p 0 0b0slo |
| 022 |
|
|
|a 1335-9266
|
| 035 |
|
|
|a SNK000421593
|
| 035 |
|
|
|a (SVKBB03)vtls000047914
|
| 040 |
|
|
|a SNK
|b slo
|c SNK
|d SVKBB
|d SAVUK
|d SVKPO
|e AACR2
|
| 041 |
0 |
|
|a slo
|
| 044 |
|
|
|a xo
|c SK
|
| 072 |
|
7 |
|a 339
|x Obchod
|2 konspekt
|2 konspekt
|
| 072 |
|
7 |
|a 658
|x Riadenie a správa podniku
|2 konspekt
|
| 072 |
|
7 |
|a 005
|x Manažment. Riadenie
|2 konspekt
|
| 080 |
|
|
|a 658.8
|2 2001
|
| 080 |
|
|
|a 050
|2 2001
|
| 080 |
|
|
|a 339.138
|2 2001
|
| 080 |
|
|
|a 055
|2 2001
|
| 210 |
0 |
|
|a Slov. výb.
|
| 222 |
|
0 |
|a Slovenský výber
|
| 245 |
0 |
0 |
|a Slovenský výber
|b mesačník manažmentu obchodu, výroby a distribúcie
|
| 246 |
3 |
3 |
|a Slovenský výber
|
| 247 |
0 |
1 |
|a Slovenský výber
|b časopis manažmentu obchodu
|f 1997-2004
|
| 260 |
|
|
|a Bratislava
|b Son media
|c 1997-2015
|
| 300 |
|
|
|a 19 zv.
|c 30 cm
|
| 310 |
|
|
|a 4x ročne
|b 2015
|
| 321 |
|
|
|a 1x mesačne
|b 1997-2014
|
| 362 |
0 |
|
|a Roč. 1, č. 1 (1998)-roč. 19, č. 4 (2015)
|
| 500 |
|
|
|a Registračné č. MK SR: 1579/96
|
| 500 |
|
|
|a Registračné č. MK SR: EV 3237/09
|
| 500 |
|
|
|a V roku 2010, č. 1-4 je chybne uvedený ročník
|
| 500 |
|
|
|a Šéfredaktor: (?-2010), Juraj Vereš; (2011-2012), Andrea Hinková; (2013-), Dagmar Krištofičová
|
| 650 |
0 |
7 |
|a marketing
|2 SNKPH
|9 2299
|
| 650 |
0 |
7 |
|a obchod
|2 SNKPH
|9 2198
|
| 650 |
0 |
7 |
|a manažment
|2 SNKPH
|9 922
|
| 655 |
|
7 |
|a populárno-odborné časopisy
|2 SNKPH
|9 267212
|
| 700 |
1 |
|
|a Vereš, Juraj
|4 pbd
|9 267213
|
| 700 |
1 |
|
|a Hinková, Andrea
|4 pbd
|9 267214
|
| 700 |
1 |
|
|a Krištofičová, Dagmar
|4 pbd
|9 7033
|
| 856 |
4 |
1 |
|u http://www.slovenskyvyber.sk/
|
| 910 |
|
|
|a savuk
|
| 910 |
|
|
|a snk
|
| 916 |
|
|
|a 1998-2015
|
| 999 |
|
|
|c 3486
|d 5416
|
| 952 |
|
|
|0 0
|1 0
|4 0
|7 0
|a SNK
|b SNK
|d 2023-10-19
|i snkČSP 1351/2004
|l 0
|o snkČSB 5299/3/1999 D1
|p 17A1349138
|r 2026-02-21 19:47:41
|t č. 1-12, neúplné
|w 2026-02-21
|y PREZ
|z Chýba č.: 11
|
| 952 |
|
|
|0 0
|1 0
|4 0
|7 0
|8 0
|a SNK
|b SNK
|d 2014-09-05
|f 1
|i snk2014/18212
|l 0
|o snkČSB 5299/15/2011
|p 17A1088769
|r 2026-02-21 21:44:30
|t č. 1-12, neúplné
|w 2026-02-21
|y PREZ
|z chýba č. 9-12
|
| 952 |
|
|
|0 0
|1 0
|4 0
|7 0
|8 0
|a SNK
|b SNK
|d 2014-09-05
|i snk2014/18146
|l 0
|o snkČSB 5299/13/2009 D1
|p 17A1088767
|r 2026-02-21 21:44:31
|t č. 1-12, neúplné
|w 2026-02-21
|y PREZ
|z chýba č. 3-12
|
| 952 |
|
|
|0 0
|1 0
|4 0
|7 0
|8 0
|a SNK
|b SNK
|d 2014-09-05
|f 1
|i snk2014/18147
|l 0
|o snkČSB 5299/14/2010
|p 17A1088768
|r 2026-02-21 21:44:31
|t č. 1-12
|w 2026-02-21
|y PREZ
|
| 952 |
|
|
|0 0
|1 0
|4 0
|7 0
|8 0
|a SNK
|b SNK
|d 2014-09-08
|i snk2014/18233
|l 0
|o snkČSB 5299/15/2011 D1
|p 17A1088770
|r 2026-02-21 21:44:38
|t č. 1-12, neúplné
|w 2026-02-21
|y PREZ
|z chýba č. 3-4, 9-12
|
| 952 |
|
|
|0 0
|1 0
|4 0
|7 0
|8 0
|a SNK
|b SNK
|d 2014-09-08
|f 1
|i snk2014/18234
|l 0
|o snkČSB 5299/16/2012
|p 17A1088771
|r 2026-02-21 21:44:38
|t č. 1-12, neúplné
|w 2026-02-21
|y PREZ
|z chýba č. 3-10
|
| 952 |
|
|
|0 0
|1 0
|4 0
|7 0
|8 0
|a SNK
|b SNK
|d 2014-09-08
|i snk2014/18235
|l 0
|o snkČSB 5299/16/2012 D1
|p 17A1088773
|r 2026-02-21 21:44:38
|t č. 1-12, neúplné
|w 2026-02-21
|y PREZ
|z chýba č. 3 -10
|
| 952 |
|
|
|0 0
|1 0
|4 0
|7 0
|8 0
|a SNK
|b SNK
|d 2014-09-08
|f 1
|i snk2014/18237
|l 0
|o snkČSB 5299/17/2013
|p 17A1088772
|r 2026-02-21 21:44:38
|t č. 1-12, neúplné
|w 2026-02-21
|y PREZ
|z chýba č. 1-9
|
| 952 |
|
|
|0 0
|1 0
|4 0
|7 0
|8 0
|a SNK
|b SNK
|d 2014-09-04
|f 1
|i snk2014/18019
|l 0
|o snkČSB 5299/8/2004
|p 17A1088756
|r 2026-02-21 21:44:40
|t č. 1-12
|w 2026-02-21
|y PREZ
|
| 952 |
|
|
|0 0
|1 0
|4 0
|7 0
|8 0
|a SNK
|b SNK
|d 2014-09-04
|i snk2014/18021
|l 0
|o snkČSB 5299/8/2004 D1
|p 17A1088757
|r 2026-02-21 21:44:40
|t č. 1-12
|w 2026-02-21
|y PREZ
|
| 952 |
|
|
|0 0
|1 0
|4 0
|7 0
|8 0
|a SNK
|b SNK
|d 2014-09-04
|f 1
|i snk2014/18028
|l 0
|o snkČSB 5299/9/2005
|p 17A1088758
|r 2026-02-21 21:44:40
|t č. 1-12
|w 2026-02-21
|y PREZ
|
| 952 |
|
|
|0 0
|1 0
|4 0
|7 0
|8 0
|a SNK
|b SNK
|d 2014-09-04
|i snk2014/18029
|l 0
|o snkČSB 5299/9/2005 D1
|p 17A1088759
|r 2026-02-21 21:44:40
|t č. 1-12
|w 2026-02-21
|y PREZ
|
| 952 |
|
|
|0 0
|1 0
|4 0
|7 0
|8 0
|a SNK
|b SNK
|d 2014-09-04
|f 1
|i snk2014/18030
|l 0
|o snkČSB 5299/10/2006
|p 17A1088760
|r 2026-02-21 21:44:40
|t č. 1-12
|w 2026-02-21
|y PREZ
|
| 952 |
|
|
|0 0
|1 0
|4 0
|7 0
|8 0
|a SNK
|b SNK
|d 2014-09-04
|i snk2014/18032
|l 0
|o snkČSB 5299/10/2006 D1
|p 17A1088761
|r 2026-02-21 21:44:40
|t č. 1-12
|w 2026-02-21
|y PREZ
|
| 952 |
|
|
|0 0
|1 0
|4 0
|7 0
|8 0
|a SNK
|b SNK
|d 2014-09-04
|f 1
|i snk2014/18037
|l 0
|o snkČSB 5299/11/2007
|p 17A1088762
|r 2026-02-21 21:44:40
|t č. 1-12 + príl.
|w 2026-02-21
|y PREZ
|
| 952 |
|
|
|0 0
|1 0
|4 0
|7 0
|8 0
|a SNK
|b SNK
|d 2014-09-04
|i snk2014/18047
|l 0
|o snkČSB 5299/11/2007 D1
|p 17A1088763
|r 2026-02-21 21:44:40
|t č. 1-12 + príl.
|w 2026-02-21
|y PREZ
|
| 952 |
|
|
|0 0
|1 0
|4 0
|7 0
|8 0
|a SNK
|b SNK
|d 2014-09-04
|f 1
|i snk2014/18062
|l 0
|o snkČSB 5299/12/2008
|p 17A1088764
|r 2026-02-21 21:44:41
|t č. 1-12 + príl.
|w 2026-02-21
|y PREZ
|
| 952 |
|
|
|0 0
|1 0
|4 0
|7 0
|8 0
|a SNK
|b SNK
|d 2014-09-04
|i snk2014/18063
|l 0
|o snkČSB 5299/12/2008 D1
|p 17A1088765
|r 2026-02-21 21:44:41
|t č. 1-12 + príl.
|w 2026-02-21
|y PREZ
|
| 952 |
|
|
|0 0
|1 0
|4 0
|7 0
|8 0
|a SNK
|b SNK
|d 2014-09-04
|f 1
|i snk2014/18094
|l 0
|o snkČSB 5299/13/2009
|p 17A1088766
|r 2026-02-21 21:44:41
|t č. 1-12
|w 2026-02-21
|y PREZ
|
| 952 |
|
|
|0 0
|1 0
|4 0
|7 0
|a SNK
|b SNK
|d 2014-09-09
|f 1
|i snkČSP 1350/2004
|l 0
|o snkČSB 5299/3/1999
|p 17A0922700
|r 2026-02-21 21:44:47
|t č. 1-12
|w 2026-02-21
|y PREZ
|
| 952 |
|
|
|0 0
|1 0
|4 0
|7 0
|a SNK
|b SNK
|d 2014-09-09
|f 1
|i snkČSP 1167/2004
|l 0
|o snkČSB 5299/4/2000
|p 17A0922680
|r 2026-02-21 21:44:48
|t č. 1-12
|w 2026-02-21
|y PREZ
|
| 952 |
|
|
|0 0
|1 0
|4 0
|7 0
|a SNK
|b SNK
|d 2014-09-09
|f 1
|i snkČSP 1165/2004
|l 0
|o snkČSB 5299/5/2001
|p 17A0985101
|r 2026-02-21 21:44:48
|t č. 1-12
|w 2026-02-21
|y PREZ
|
| 952 |
|
|
|0 0
|1 0
|4 0
|7 0
|a SNK
|b SNK
|d 2014-09-09
|f 1
|i snkČSP 1163/2004
|l 0
|o snkČSB 5299/6/2002
|p 17A0985104
|r 2026-02-21 21:44:48
|t č. 1-12
|w 2026-02-21
|y PREZ
|
| 952 |
|
|
|0 0
|1 0
|4 0
|7 0
|a SNK
|b SNK
|d 2014-09-09
|f 1
|i snkČSP 1161/2004
|l 0
|o snkČSB 5299/7/2003
|p 17A0985099
|r 2026-02-21 21:44:48
|t č. 1-12
|w 2026-02-21
|y PREZ
|
| 952 |
|
|
|0 0
|1 0
|4 0
|7 0
|8 0
|a SNK
|b SNK
|d 2016-07-22
|f 1
|i snk2016/17603
|l 0
|o snkČSB 5299/2/1998
|p 17A0463768
|r 2026-02-21 21:54:24
|t č. 1-12, neúplné
|w 2026-02-21
|y PREZ
|z Chýba č. 1-4
|
| 952 |
|
|
|0 0
|1 0
|4 0
|7 0
|8 0
|a SNK
|b SNK
|d 2016-07-22
|i snk2016/17605
|l 0
|o snkČSB 5299/2/1998 D1
|p 17A1349142
|r 2026-02-21 21:54:25
|t č. 1-12, neúplné
|w 2026-02-21
|y PREZ
|z Chýba č. 1-5
|
| 952 |
|
|
|0 0
|1 0
|4 0
|7 0
|8 0
|a SNK
|b SNK
|d 2017-02-15
|i snk2017/4264
|l 0
|o snkČSB 5299/17/2013 D1
|p 17A1205365
|r 2026-02-21 21:55:32
|t č. 1-12, neúplné
|w 2026-02-21
|y PREZ
|z Chýba č. 1-9
|
| 952 |
|
|
|0 0
|1 0
|4 0
|7 0
|8 0
|a SNK
|b SNK
|d 2016-12-02
|f 1
|i snk2016/28006
|l 0
|o snkČSB 5299/18/2014
|p 17A1148018
|r 2026-02-21 22:24:29
|t č. 1-12, neúplné
|w 2026-02-21
|y PREZ
|z Chýba č. 1, 8, 11
|
| 952 |
|
|
|0 0
|1 0
|4 0
|7 0
|8 0
|a SNK
|b SNK
|d 2016-12-02
|i snk2016/28012
|l 0
|o snkČSB 5299/18/2014 D1
|p 17A1148019
|r 2026-02-21 22:24:29
|t č. 1-12, neúplné
|w 2026-02-21
|y PREZ
|z Chýba č. 1, 8, 11
|
| 952 |
|
|
|0 0
|1 0
|4 0
|7 0
|8 0
|a SNK
|b SNK
|d 2016-12-02
|f 1
|i snk2016/28014
|l 0
|o snkČSB 5299/19/2015
|p 17A1148020
|r 2026-02-21 22:24:40
|t č. 1-4
|w 2026-02-21
|y PREZ
|